Well Known Kings Quiz Stats

 Plays Quiz Updated Oct 28, 2018

Score 0/30 Timer 05:00
0 Plays Today
Hint Word % Correct
Hamburger fast food chainBurger King
96.9%
Skull Island's Fictional giant apeKing Kong
92.3%
Author of The ShiningStephen King
85%
World's longest venomous snakeKing Cobra
83%
Michael JacksonKing of Pop
82%
1994 Disney animated feature filmThe Lion King
77.9%
Camelot's primary residentKing Arthur
77.4%
Egyptian Pharaoh of the Eighteenth dynastyKing Tut
75.4%
American civil rights Baptist ministerMartin Luther King Jr.
74.8%
Final Lord of the Rings BookReturn of the King
70.8%
Leonardo DiCaprio quote from TitanicI'm King of the World
66.8%
American animated TV show created by Mike Judge and Greg DanielsKing of the Hill
65.2%
CBS American sitcomThe King of Queens
62.2%
California NBA teamSacramento Kings
55.3%
Major railway terminus in central LondonKing's Cross
54.8%
Hint Word % Correct
1605 Shakespearean playKing Lear
54.8%
Biblical son of David known for his wisdomKing Solomon
54.5%
Big haired boxing promoterDon King
53.8%
Yul Brynner and Deborah Kerr FilmThe King and I
53.6%
George Clooney Gulf War movieThree Kings
48.3%
American blues musician who sang 'The Thrill Is Gone'B.B. King
44.6%
Best Actor Oscar winner for GandhiBen Kingsley
41.1%
Jazz singer of 'Unforgettable'Nat King Cole
40.6%
WWE professional wrestling tournamentKing of the Ring
39.1%
Marvel comics archenemy of DaredevilKingpin
33.1%
1965 Roger Miller songKing of the Road
18.5%
1889 Mark Twain novel A Connecticut Yankee in King Arthur's Court
14.4%
Kate Jackson & Bruce Boxleitner TV ShowScarecrow and Mrs King
9.7%
1888 Rudyard Kipling short storyThe Man Who Would Be King
6.5%
1992 Antonio Banderas movieMambo Kings
3.8%

You're not logged in!

Compare scores with friends on all Sporcle quizzes.
OR
Log In

Sporcle TV

Today on Sporcle TV


Watch our educational content, quiz creation guides, and fun videos on Sporcle TV.

Show Comments

Extras

Top Quizzes Today


Score Distribution

Your Account Isn't Verified!

In order to create a playlist on Sporcle, you need to verify the email address you used during registration. Go to your Sporcle Settings to finish the process.

Report this User

Report this user for behavior that violates our Community Guidelines.

Details: